000 00609nam a2200229 a 4500
999 _c4553
_d4553
003 PK-NaQUE
005 20250523120041.0
008 250523b ||||| |||| 00| 0 eng d
020 _a032148987X (hardcover)
020 _a9780321489876 (hardcover)
040 _cQUEST
100 1 _aThomas, George B. .
245 1 0 _aThomas' Calculus
250 _a11th ed.
260 _a[S.l.] :
_bPearson,
_c2007.
300 _a1228 p. ;
650 _aCalculus
700 1 _aWeir, Maurice D.
700 1 _aHass, Joel R.
856 4 0 _uhttp://10.10.170.122:8080/browse/book/12269
_yDownload eBook
942 _cBK
_2ddc